Alle Stationen der Linie S4 (NRW) - Statistiken

Allgemein
  • Dieses Quiz wurde 45 mal gespielt
  • Das Durchschnittsergebnis liegt bei 12 aus 19
Antwortstatistiken
Antwort % Korrekt
Unna
95%
Dortmund Dorstfeld
89%
Dortmund Lütgendortmund
84%
Dortmund West
74%
Dortmund Möllerbrücke
68%
Dortmund Somborn
68%
Dortmund Stadthaus
68%
Dortmund Wickede
68%
Dortmund Brackel
63%
Unna-Königsborn
63%
Unna West
63%
Dortmund Germania
58%
Dortmund Knappschaftskrankenhaus
58%
Dortmund Körne
58%
Dortmund Marten Süd
58%
Dortmund Körne West
53%
Dortmund Wickede West
53%
Dortmund Asseln Mitte
47%
Massen
47%
Keine übereinstimmenden Quizze gefunden
Verteilung der Resultate
Anzahl Personen mit jedem Resultat
Perzentil nach korrekt beantworteten Fragen
Ihre Resultats-Entwicklung
Sie haben dieses Quiz noch nicht gespielt